[Event "MK Cafe Cup-A"]
[Site "Koszalin"]
[Date "1998.08.12"]
[Round "10"]
[White "Umanskaya, Irina"]
[Black "Brustman, Agnieszka"]
[Result "1/2-1/2"]
[WhiteElo "2325"]
[BlackElo "2380"]

1.d4 Nf6 2.Nf3 g6 3.c4 Bg7 4.Nc3 O-O 5.e4 d6 6.Be2 e5 7.O-O Nc6 8.d5 Ne7
9.b4 Nh5 10.Re1 f5 11.Ng5 Nf6 12.Bf3 c6 13.Be3 cxd5 14.cxd5 h6 15.Ne6 Bxe6
16.dxe6 fxe4 17.Nxe4 Nxe4 18.Bxe4 d5 19.Bc2 b6 20.Qg4 Rf6 21.Rad1 Qd6 22.Bb3 Rd8
23.b5 Qxe6 24.Qxe6+ Rxe6 25.Bc1 Kh7 26.Ba3 Rd7 27.g3 e4 28.Kg2 Re5 29.Bxe7 Rexe7
30.Rxd5 Rxd5 31.Bxd5 Re5 32.Bc6 g5 33.a4 Kg8 34.Bxe4 Kf7 35.f4 gxf4 36.gxf4 Rc5
37.Rd1 Rc7 38.Kf3 Bf8 39.Rd5 Ba3 40.Rd8 Kg7 41.Bd5 Kf6 42.Rh8 Kg7 43.Rg8+ Kf6
44.Be4 Rc3+ 45.Ke2 Bc1 46.Rg3 Rc4 47.Kd3 Rxa4 48.Rg6+ Ke7 49.f5 Bb2 50.Re6+ Kf7
51.Rxh6 Rd4+ 52.Ke3 Bc1+ 53.Kxd4 Bxh6 54.Kd5 Bg5 55.h3 Kf6 56.Kd6 Bh4 57.Bd3 Bg5
58.Kc7 Ke5 59.Kc6 Bh4 60.Kd7 Bg5 61.Ke8 Kf6 62.Kf8 Bh4  1/2-1/2

[Event "Budapest FS08 GM"]
[Site "Budapest"]
[Date "1998.08.13"]
[Round "13"]
[White "Lukacs, Peter"]
[Black "Borge, Nikolaj"]
[Result "1/2-1/2"]
[WhiteElo "2475"]
[BlackElo "2455"]

1.d4 Nf6 2.c4 g6 3.Nc3 Bg7 4.e4 d6 5.Nf3 O-O 6.Be2 e5 7.O-O Nc6 8.d5 Ne7
9.Bd2 Nh5 10.g3 f5 11.exf5 Nxf5 12.Ne4 Nf6 13.Bg5 h6 14.Bxf6 Bxf6  1/2-1/2

[Event "Wch (Men) U26"]
[Site "Rotterdam"]
[Date "1998.08.16"]
[Round "5"]
[White "Stern, Rene"]
[Black "Cherevatenko, Roman"]
[Result "1-0"]
[WhiteElo "2465"]
[BlackElo "2410"]

1.d4 Nf6 2.c4 g6 3.Nc3 Bg7 4.e4 d6 5.Nf3 O-O 6.Be2 e5 7.O-O Nc6 8.d5 Ne7
9.b4 Nh5 10.Re1 a5 11.bxa5 Rxa5 12.Nd2 Nf4 13.Bf1 c5 14.a4 Ra6 15.Ra3 Kh8
16.Nb5 Qd7 17.Nf3 Bh6 18.Kh1 Ng8 19.Bb2 Bg7 20.Ng1 f5 21.g3 Nh5 22.exf5 Qxf5
23.Rf3 Qd7 24.Rxf8 Bxf8 25.f4 Bg7 26.fxe5 dxe5 27.Bxe5 Bxe5 28.Rxe5 Qf7 29.Bg2 Nhf6
30.Nf3 Qg7 31.Re1 Ng4 32.Kg1 Bd7 33.h3 N4h6 34.Ne5 Nf5 35.g4 Nd6 36.Nxd7 Qxd7
37.Qa1+ Qg7 38.Nxd6 Rxd6 39.Qxg7+ Kxg7 40.a5 Kf7 41.Rb1 Rd7 42.Rb5 Ke7 43.Rxc5 Kd6
44.Rc8 Ne7 45.c5+ Ke5 46.Re8 Kd4 47.a6 bxa6 48.c6  1-0

[Event "Dresden op"]
[Site "Dresden"]
[Date "1998.08.17"]
[Round "2"]
[White "Weichelt, Jens"]
[Black "Socko, Bartosz"]
[Result "0-1"]
[WhiteElo "2245"]
[BlackElo "2475"]

1.d4 Nf6 2.c4 g6 3.Nc3 Bg7 4.e4 d6 5.Nf3 O-O 6.Be2 e5 7.O-O Nc6 8.dxe5 dxe5
9.Qxd8 Nxd8 10.Bg5 Ne6 11.Bxf6 Bxf6 12.Nd5 Kg7 13.Rfd1 c6 14.Nxf6 Kxf6 15.b4 Nf4
16.Bf1 Bg4 17.Rd6+ Ke7 18.Rad1 Rfc8 19.c5 Bxf3 20.gxf3 Rd8 21.Bc4 f6 22.Kf1 Rxd6
23.Rxd6 a5 24.b5 cxb5 25.Bxb5 Rd8 26.Rxd8 Kxd8 27.Bc4 Kc7 28.Bd5 g5 29.Bg8 h6
30.Bd5 h5 31.Kg1 Nd3 32.Bf7 h4 33.Kg2 Nf4+ 34.Kf1 Kc6 35.Be8+ Kxc5 36.a4 Kb4
37.Kg1 h3 38.Bd7 Ne2+ 39.Kf1 Nd4 40.Bxh3 Kxa4 41.Bd7+ Kb4 42.Kg2 a4  0-1

[Event "Wch (Men) U26"]
[Site "Rotterdam"]
[Date "1998.08.18"]
[Round "7"]
[White "Stern, Rene"]
[Black "Bakhtadze, Giorgi"]
[Result "1/2-1/2"]
[WhiteElo "2465"]
[BlackElo "2395"]

1.d4 Nf6 2.c4 g6 3.Nc3 Bg7 4.e4 d6 5.Nf3 O-O 6.Be2 e5 7.O-O Nc6 8.d5 Ne7
9.b4 a5 10.Ba3 axb4 11.Bxb4 Nd7 12.a4 Bh6 13.a5 f5 14.Bd3 Nf6 15.c5 fxe4
16.Nxe4 Nxe4 17.Bxe4 Bf5 18.Re1 Bxe4 19.Rxe4 Qd7 20.Qb3 Kh8 21.Rae1 Qb5 22.Qd1 Rad8
23.cxd6 cxd6 24.Nxe5 Nxd5 25.Nf3 Nxb4 26.Qb1 Qxa5 27.Rxb4 Rd7 28.Rd1 Rff7
29.Rb6 Qc5 30.Rb5 Qc8 31.Rbd5 Rf8 32.h4 Rc7 33.Rxd6 Rc1 34.Qb2+ Kg8 35.Qb3+ Kh8
36.h5 Rxd1+ 37.Qxd1 Qf5 38.hxg6 hxg6 39.Rd7 Rc8 40.Qa1+ Kg8 41.Qa2+ Kh8 42.Qb2+ Kg8
43.Qb3+ Kh8 44.Rd1 b5 45.Re1 Ra8 46.Nd4 Qf6 47.Qh3 Kh7 48.Qd7+ Bg7 49.Qh3+ Bh6
50.Qd7+ Bg7 51.Nxb5 Ra1 52.Qh3+ Kg8 53.Qb3+ Kh7 54.Rxa1 Qxa1+ 55.Kh2 Qf1
56.Qh3+ Kg8 57.Qc8+ Kh7 58.Qh3+ Kg8 59.Qc8+ Kh7 60.Qc5 Qe2 61.g3 Qe5 62.Qc4 Qh5+
63.Kg2 Qe5 64.Nc7 Qd4 65.Qc6 Qc3 66.Qd7 Qd4 67.Qe7 Qf6 68.Qe4 Qd4 69.Qe6 Qe5
70.Qh3+ Kg8 71.Qc8+ Kh7 72.Qd7 Qd4 73.Qh3+ Kg8 74.Qe6+ Kh7 75.Ne8 Be5 76.f4 Qe4+
77.Kh2  1/2-1/2

[Event "GER-ENG (Women)"]
[Site "Dresden"]
[Date "1998.08.19"]
[Round "4"]
[White "Nill, Jessica"]
[Black "Sheldon, Ruth"]
[Result "1-0"]
[WhiteElo "2200"]
[BlackElo "2220"]

1.d4 Nf6 2.c4 g6 3.Nc3 Bg7 4.e4 d6 5.Nf3 O-O 6.Be2 e5 7.O-O Nc6 8.d5 Ne7
9.b4 a5 10.bxa5 Rxa5 11.a4 Nd7 12.Nd2 f5 13.Nb3 Ra8 14.f3 f4 15.a5 g5 16.Ba3 Rf6
17.c5 Rh6 18.Rf2 Nf6 19.cxd6 cxd6 20.Bb4 Qe8 21.Nd2 Qh5 22.Nf1 g4 23.fxg4 Nxg4
24.Rf3 Qg5 25.Nb5 Rg6 26.g3 Nxh2 27.Nxh2 fxg3 28.Nf1 Qh4 29.Be1 Qxe4 30.Rxg3 Bh3
31.Bf3 Qf5 32.Rxg6 Nxg6 33.Nxd6 Qg5+ 34.Ng3 Rf8 35.Ra3 Nh4 36.Ne4 Qf4 37.Bh5 Ng2
38.Bd2 Qh4 39.Bg5  1-0

[Event "Wch (Men) U26"]
[Site "Rotterdam"]
[Date "1998.08.19"]
[Round "8"]
[White "Har Zvi, Ronen"]
[Black "Bakhtadze, Giorgi"]
[Result "1-0"]
[WhiteElo "2505"]
[BlackElo "2395"]

1.Nf3 Nf6 2.c4 g6 3.Nc3 Bg7 4.e4 d6 5.d4 O-O 6.Be2 e5 7.O-O Nc6 8.d5 Ne7
9.b4 a5 10.Ba3 axb4 11.Bxb4 Nd7 12.a4 Bh6 13.a5 f5 14.Nd2 Nf6 15.c5 Bxd2
16.Qxd2 Nxe4 17.Nxe4 fxe4 18.cxd6 cxd6 19.Bc3 Rf4 20.g3 Rf3 21.Bxf3 exf3
22.Rab1 Qf8 23.Rb6 Qf5 24.Kh1 Qh3 25.Rg1 Nf5 26.Qg5 Bd7 27.g4 Nh6 28.Rxd6 Bxg4
29.Rxg6+ hxg6 30.Qxg6+  1-0

[Event "ARG-ch97"]
[Site "Villa Martelli"]
[Date "1998.08.19"]
[Round "13"]
[White "Slipak, Sergio"]
[Black "Tempone, Marcelo"]
[Result "1-0"]
[WhiteElo "2500"]
[BlackElo "2450"]

1.d4 Nf6 2.c4 g6 3.Nc3 Bg7 4.e4 d6 5.Nf3 O-O 6.Be2 e5 7.O-O Nc6 8.d5 Ne7
9.Be3 Ne8 10.Nd2 f5 11.f3 f4 12.Bf2 g5 13.c5 h5 14.Nc4 Rf7 15.cxd6 cxd6 16.Nb5 b6
17.a4 Ba6 18.Nbxd6 Nxd6 19.Nxd6 Qxd6 20.Bxa6 Bf6 21.Rc1 Rg7 22.Be2 Qd7 23.d6  1-0

[Event "Dresden op"]
[Site "Dresden"]
[Date "1998.08.21"]
[Round "6"]
[White "Chekhov, Valery A"]
[Black "Uhlmann, Wolfgang"]
[Result "0-1"]
[WhiteElo "2525"]
[BlackElo "2460"]

1.Nf3 Nf6 2.c4 g6 3.Nc3 Bg7 4.e4 d6 5.d4 O-O 6.Be2 e5 7.O-O Nc6 8.dxe5 dxe5
9.Bg5 Qxd1 10.Rfxd1 Bg4 11.Rd3 Bxf3 12.Bxf3 Nd4 13.Nd5 Nxd5 14.cxd5 f5 15.Be3 Rae8
16.Kf1 Nc2 17.Rad1 Nxe3+ 18.Rxe3 Bh6 19.Ra3 Rf6 20.exf5 e4 21.Re1 gxf5 22.Rxa7 Rb6
23.b3 Bd2 24.Rd1 exf3 25.Rxd2 Re1+  0-1

[Event "Hampstead GM3"]
[Site "Hampstead"]
[Date "1998.08.22"]
[Round "12"]
[White "Hillarp Persson, Tiger"]
[Black "Sashikiran, Krishnan"]
[Result "1-0"]
[WhiteElo "2410"]
[BlackElo "2470"]

1.d4 Nf6 2.c4 g6 3.Nc3 Bg7 4.e4 d6 5.Be2 O-O 6.Nf3 e5 7.O-O Nc6 8.d5 Ne7
9.Ne1 Nd7 10.Be3 f5 11.f3 f4 12.Bf2 g5 13.a4 Ng6 14.a5 Kh8 15.g4 fxg3 16.hxg3 Nf6
17.Kg2 Rg8 18.Rh1 Bf8 19.Kf1 Be7 20.Nc2 Qf8 21.Ne3 Qf7 22.Nf5 Bf8 23.Qd2 Ne7
24.g4 Ng6 25.Qxg5 Nf4 26.Qh4 Bxf5 27.exf5 Be7 28.Qh2 c6 29.Be3 cxd5 30.Bxf4 exf4
31.Qxf4 Qg7 32.cxd5 Rac8 33.Bd3 Rc5 34.Re1 Bf8 35.Qd4 h6 36.Re6 Nh7 37.Rexh6  1-0

[Event "POL-chTJ"]
[Site "Rowy"]
[Date "1998.08.23"]
[Round "4"]
[White "Szymanski, Marcin"]
[Black "Mista, Aleksander"]
[Result "0-1"]
[WhiteElo "2295"]
[BlackElo "2255"]

1.d4 g6 2.c4 Bg7 3.Nc3 Nf6 4.e4 d6 5.Nf3 O-O 6.Be2 e5 7.O-O Nc6 8.d5 Ne7
9.b4 Nh5 10.Re1 Nf4 11.Bf1 a5 12.bxa5 Rxa5 13.Nd2 c5 14.a4 Ra6 15.Nb5 g5
16.g3 Nh3+ 17.Bxh3 Bxh3 18.Qh5 Qd7 19.Qxg5 f5 20.Nf3 f4 21.gxf4 Bg4 22.f5 Bxf3
23.Ra3 h6 24.Qg3 Bxe4 25.Rxe4 Nxf5 26.Qh3 Qf7 27.Rf3 Rxa4 28.Qxf5 Qxf5 29.Rxf5 Rxf5
30.Nxd6 Rf6 31.Nxb7 Ra1 32.Re1 Bf8 33.d6 Bxd6 34.Kg2 e4 35.Rd1 Be7 36.h3 Rf3  0-1

[Event "Dresden op"]
[Site "Dresden"]
[Date "1998.08.24"]
[Round "9"]
[White "Bischoff, Klaus"]
[Black "Kaminski, Uwe"]
[Result "1-0"]
[WhiteElo "2550"]
[BlackElo "2365"]

1.Nf3 Nf6 2.d4 g6 3.c4 Bg7 4.Nc3 O-O 5.e4 d6 6.Be2 e5 7.O-O Nc6 8.d5 Ne7
9.Ne1 Nd7 10.Nd3 f5 11.Bd2 Nf6 12.f3 Kh8 13.g4 c6 14.Nf2 Bd7 15.Kg2 Rb8 16.a4 a5
17.h4 Rf7 18.Qb3 Qc7 19.Rh1 Rbf8 20.Raf1 Qc8 21.Qd1 fxg4 22.fxg4 cxd5 23.cxd5 Qc5
24.Be1 Qb6 25.Qd2 Neg8 26.Nb5 Nh6 27.Qd1 Nhg8 28.Na3 Ne8 29.Nc4 Qa7 30.Qb3 Qd4
31.Qe3 Bxa4 32.Bxa5 Bc2 33.Qxd4 exd4 34.g5 Ne7 35.Nd3 Nc8 36.Rxf7 Rxf7 37.Rc1 Bxd3
38.Bxd3 Ne7  1-0

[Event "POL-chTJ"]
[Site "Rowy"]
[Date "1998.08.25"]
[Round "6"]
[White "Radziewicz, Iweta"]
[Black "Jedryczka, Krystian"]
[Result "1-0"]
[WhiteElo "2425"]
[BlackElo "2465"]

1.d4 Nf6 2.c4 g6 3.Nf3 Bg7 4.Nc3 d6 5.e4 O-O 6.Be2 e5 7.O-O Nc6 8.d5 Ne7
9.Ne1 Nd7 10.Be3 f5 11.f3 f4 12.Bf2 g5 13.Rc1 Ng6 14.c5 Nf6 15.cxd6 cxd6
16.g4 fxg3 17.hxg3 h5 18.Ng2 g4 19.Nb5 gxf3 20.Bxf3 Ng4 21.Nc7 Nxf2 22.Rxf2 Rb8
23.Bxh5 Rxf2 24.Kxf2 Qg5 25.Rc3 Bh3 26.Ne6 Bxe6 27.dxe6 Qf6+ 28.Rf3 Qxe6
29.Nh4 Nxh4 30.Bf7+ Qxf7 31.Rxf7 Kxf7 32.Qxd6 Rh8 33.Qd7+ Kg6 34.Qg4+ Kf7
35.gxh4 Bf6 36.h5 Ke7 37.Qg6 b6 38.h6 Rd8 39.Ke2 Rf8 40.a4 a6 41.b4 Rh8 42.h7 Rd8
43.Qg8 b5 44.a5 Bh8 45.Qg1 Rd4 46.Qg5+  1-0

[Event "Asia-ch"]
[Site "Teheran"]
[Date "1998.08.26"]
[Round "10"]
[White "Aliev, Kerim"]
[Black "Al Modiahki, Mohamad"]
[Result "0-1"]
[WhiteElo "2385"]
[BlackElo "2505"]

1.d4 Nf6 2.c4 g6 3.Nc3 Bg7 4.e4 d6 5.Nf3 O-O 6.Be2 e5 7.O-O Nc6 8.d5 Ne7
9.Ne1 Nd7 10.Be3 f5 11.f3 f4 12.Bf2 g5 13.Nb5 b6 14.b4 a6 15.Nc3 Rf6 16.Nd3 Rg6
17.c5 Nf6 18.cxb6 cxb6 19.b5 g4 20.Nxe5 dxe5 21.d6 g3 22.Be1 Be6 23.dxe7 Qxe7
24.Qc2 Qc5+ 25.Kh1 Rh6 26.h3 Bxh3 27.Bxg3 Be6+ 28.Bh2 Nh5 29.g4 fxg3  0-1

[Event "Karl Wagner mem 5th"]
[Site "Graz"]
[Date "1998.09.05"]
[Round "1.2"]
[White "Epishin, Vladimir"]
[Black "Mihevc, Narcisa"]
[Result "1-0"]
[WhiteElo "2585"]
[BlackElo "2200"]

1.d4 Nf6 2.c4 g6 3.Nc3 Bg7 4.e4 d6 5.Nf3 O-O 6.Be2 e5 7.O-O Nc6 8.d5 Ne7
9.b4 a5 10.Ba3 axb4 11.Bxb4 Ne8 12.c5 dxc5 13.Bxc5 Nd6 14.a4 Bg4 15.Rc1 Bxf3
16.Bxf3 f5 17.Re1 Kh8 18.Nb5 fxe4 19.Bxe4 Rc8 20.Bxd6 cxd6 21.Rxc8 Nxc8 22.Qc2 Qb6
23.Rb1 Bh6 24.Bf3 Ne7 25.a5 Qxa5 26.Nxd6 Nxd5 27.h4 Qc3 28.Qa2 Nb4 29.Qe6 Bf4
30.Qe7 Ra8 31.Ne4 Nc6 32.Qxb7 Ra1 33.Nxc3  1-0

[Event "Karl Wagner mem 5th"]
[Site "Graz"]
[Date "1998.09.09"]
[Round "5.1"]
[White "Eingorn, Vereslav S"]
[Black "Oral, Tomas"]
[Result "1-0"]
[WhiteElo "2610"]
[BlackElo "2510"]

1.c4 g6 2.e4 Bg7 3.d4 d6 4.Nc3 Nf6 5.Nf3 O-O 6.Be2 e5 7.O-O Nc6 8.d5 Ne7
9.Bg5 h6 10.Bxf6 Bxf6 11.b4 Kg7 12.c5 Ng8 13.a4 Be7 14.c6 f5 15.cxb7 Bxb7
16.Nd2 c6 17.Nc4 cxd5 18.Nxd5 Bxd5 19.exd5 Bf6 20.Qb3 Ne7 21.Rfd1 e4 22.Rac1 f4
23.Bg4 Nf5 24.Na5 f3 25.Qc4 fxg2 26.Qxe4 Be5 27.Nc6 Bxh2+ 28.Kxh2 Qh4+ 29.Kxg2 Rae8
30.Qf3 Ne3+ 31.fxe3 Rxf3 32.Bxf3 Qg5+ 33.Kf1 Qxe3 34.Nd4 Rf8 35.Kg2 Qg5+
36.Kf2 Qh4+ 37.Ke2 Kg8 38.b5 Rf4 39.Ne6 Rf5 40.Rc8+ Kh7 41.Rc7+ Kg8 42.Rh1 Re5+
43.Kd3 Rxd5+ 44.Bxd5 Qg3+ 45.Kc4  1-0

[Event "CRO-chT"]
[Site "Porec"]
[Date "1998.09.10"]
[Round "5"]
[White "Kozul, Zdenko"]
[Black "Arapovic, Vitomir"]
[Result "1-0"]
[WhiteElo "2570"]
[BlackElo "2445"]

1.d4 g6 2.c4 Bg7 3.Nc3 d6 4.Nf3 Nf6 5.e4 O-O 6.Be2 e5 7.O-O Nc6 8.d5 Ne7
9.Ne1 Nd7 10.Nd3 f5 11.Bd2 Nf6 12.f3 f4 13.c5 g5 14.cxd6 cxd6 15.Nf2 h5 16.h3 Ng6
17.Qc2 Rf7 18.Rfc1 a6 19.a4 Nh4 20.a5 g4 21.fxg4 hxg4 22.hxg4 b5 23.axb6 Qxb6
24.Na4 Qa7 25.Ba5 f3 26.Bxf3 Bxg4 27.Bxg4 Nxg4 28.Bb6 Rxf2 29.Qxf2 Qe7 30.Qe2 Qg5
31.Rc3 Nf6 32.g3 Ng6 33.Qg2 Qg4 34.Re1 Nh5 35.Rf1 Nf6 36.Re3 Rf8 37.Nc3 Rc8
38.Ref3 Nh7 39.Be3 Bf8 40.Qe2 Qd7 41.Rf5 Qg7 42.Rf7 Qxf7 43.Rxf7 Kxf7 44.Qxa6  1-0

[Event "Karl Wagner mem 5th"]
[Site "Graz"]
[Date "1998.09.11"]
[Round "7.24"]
[White "Ebner, Hubert"]
[Black "Havlicek, Josef"]
[Result "0-1"]
[WhiteElo "2275"]
[BlackElo "2160"]

1.d4 Nf6 2.c4 g6 3.Nc3 Bg7 4.e4 d6 5.Nf3 O-O 6.Be2 e5 7.O-O Nc6 8.Be3 Re8
9.dxe5 Nxe5 10.Nxe5 Rxe5 11.f3 Bd7 12.Qd2 Bc6 13.Rfd1 Qf8 14.Rac1 h6 15.Nd5 Bxd5
16.cxd5 Re7 17.Rc2 a6 18.Qb4 Qb8 19.Bf2 b6 20.Rdc1 Kh7 21.Bf1 Ra7 22.Rc6 Nd7
23.b3 Qd8 24.Bh4 g5 25.Bf2 Ne5 26.R6c2 Qe8 27.Kh1 Qf8 28.Qd2 Ng6 29.Bd3 Ne5
30.Be2 f5 31.exf5 Qxf5 32.Re1 Kg8 33.Bd3 Qf7 34.Be4 Ra8 35.h3 Rae8 36.Qc1 c5
37.dxc6 d5 38.c7 Rc8 39.Rd1 dxe4 40.Rd8+ Re8 41.Rxe8+ Qxe8 42.fxe4 Nd3 43.Qe3 Nxf2+
44.Qxf2 Qd7 45.Rd2 Qxc7 46.Qf5 Rf8 47.Qe6+ Qf7  0-1

[Event "Karl Wagner mem 5th"]
[Site "Graz"]
[Date "1998.09.12"]
[Round "8.8"]
[White "Mohr, Georg"]
[Black "Freitag, Manfred"]
[Result "1/2-1/2"]
[WhiteElo "2470"]
[BlackElo "2400"]

1.c4 Nf6 2.Nc3 g6 3.e4 d6 4.d4 Bg7 5.Nf3 O-O 6.Be2 e5 7.O-O Nc6 8.d5 Ne7
9.b4 a5 10.Ba3 axb4 11.Bxb4 Ne8 12.a4 b6 13.a5 c5 14.dxc6 Nxc6 15.axb6 Rxa1
16.Qxa1 Nxb4 17.Rb1 Na6 18.b7 Bxb7 19.Rxb7 Nc5 20.Ra7 Nf6 21.Nd2 Bh6 22.Nf1 Qb6
23.Bf3 Rb8 24.Ra8 Kg7 25.Nd5 Nxd5 26.Rxb8 Qxb8 27.cxd5 Qb4 28.Ng3 Bg5 29.Qd1 Bd8
30.Qe2 Qd4 31.h3 Bb6 32.Kh2 Nd3 33.Nh1 h5 34.Qd2 h4 35.g3 Nxf2 36.Qxf2 Qxf2+
37.Nxf2 Bxf2 38.g4 Kf6 39.Kg2 Bc5 40.Be2 Kg5  1/2-1/2

[Event "Budapest FS09 IM-B"]
[Site "Budapest"]
[Date "1998.09.14"]
[Round "10"]
[White "Fang, Joseph"]
[Black "Farago, Sandor"]
[Result "1-0"]
[WhiteElo "2315"]
[BlackElo "2335"]

1.d4 Nf6 2.c4 g6 3.Nc3 Bg7 4.e4 d6 5.Nf3 O-O 6.Be2 e5 7.O-O Nc6 8.d5 Ne7
9.Ne1 Ne8 10.Be3 f5 11.f3 Kh8 12.c5 Ng8 13.cxd6 cxd6 14.Nd3 Bh6 15.Bxh6 Nxh6
16.f4 Nf7 17.Qd2 Nf6 18.Bf3 Bd7 19.Rae1 Re8 20.Kh1 Rc8 21.Qf2 b6 22.Qg3 exf4
23.Nxf4 g5 24.Ne6 Bxe6 25.dxe6 f4 26.Qh3 Ne5 27.Qf5 Rxc3 28.bxc3 Ng8 29.Bd1 Nh6
30.Qh3 Qf6 31.g3 Rxe6 32.gxf4 gxf4 33.Rxf4 Qxf4 34.Qxe6 Nhf7 35.Qf5 Qxf5
36.exf5 Kg7 37.Bb3 Nh6 38.Be6 Kf6 39.Rd1 Ke7 40.Rd4 Nhg4 41.h3 Nf6 42.Kg2 Ne8
43.Kg3 Nf6 44.Kf4 Ne8 45.Ra4 a5 46.Rd4 h6 47.Rd1 Nc7 48.Rb1 b5 49.Ke4 Kf6
50.Bc8 Nc6 51.Bd7 d5+ 52.Kf4 Ne7 53.Rg1 Na6 54.Bxb5 Nc5 55.Rd1 Nxf5 56.Rxd5 Ne6+
57.Ke4 Ng5+ 58.Kd3 Nxh3 59.Rxf5+  1-0

[Event "Szeged TT09 IM"]
[Site "Szeged"]
[Date "1998.09.25"]
[Round "9"]
[White "Fang, Joseph"]
[Black "Bernat, Robert"]
[Result "1-0"]
[WhiteElo "2315"]
[BlackElo "2140"]

1.Nf3 Nf6 2.c4 g6 3.Nc3 Bg7 4.e4 d6 5.d4 O-O 6.Be2 e5 7.O-O Nc6 8.d5 Ne7
9.Ne1 Nd7 10.Be3 f5 11.f3 f4 12.Bf2 g5 13.a4 Ng6 14.a5 Rf7 15.c5 Nf6 16.cxd6 cxd6
17.Kh1 h5 18.Nb5 g4 19.Nxa7 g3 20.Bb6 Qe7 21.Nxc8 Rxc8 22.Rc1 Rxc1 23.Qxc1 Nh7
24.Bb5 Qh4 25.h3 Ng5 26.Bd8 Bf6 27.Bxf6 Rxf6 28.Bd7 Ne7 29.Qc7 Kg7 30.Qd8 Nf5
31.Bxf5  1-0

[Event "Elista ol (Men)"]
[Site "Elista"]
[Date "1998.09.30"]
[Round "2"]
[White "Janjgava, Lasha"]
[Black "De la Paz, Frank"]
[Result "1/2-1/2"]
[WhiteElo "2490"]
[BlackElo "2470"]

1.d4 Nf6 2.c4 g6 3.Nc3 Bg7 4.e4 d6 5.Nf3 O-O 6.Be2 e5 7.O-O Nc6 8.Be3 Ng4
9.Bg5 f6 10.Bh4 g5 11.Bg3 Nh6 12.dxe5 fxe5 13.c5 Nf7 14.cxd6 cxd6 15.Nd2 Be6
16.Bg4 Qd7 17.h3 Nd4 18.Bxe6 Qxe6 19.Qh5 Rac8 20.Rfd1 Rc6 21.Nf1 h6 22.Ne3 Nh8
23.Qg4 Qf7 24.Nf5 Qxf5 25.exf5 Rxf5 26.Ne4 Nf7 27.Bh2 Bf8  1/2-1/2

[Event "Elista ol (Men)"]
[Site "Elista"]
[Date "1998.09.30"]
[Round "2"]
[White "Guseinov, Aidyn"]
[Black "Fedorov, Alexei"]
[Result "1-0"]
[WhiteElo "2510"]
[BlackElo "2600"]

1.d4 Nf6 2.c4 g6 3.Nc3 Bg7 4.e4 d6 5.Nf3 O-O 6.Be2 e5 7.O-O Nc6 8.d5 Ne7
9.Nd2 c5 10.dxc6 bxc6 11.b4 Nh5 12.Bxh5 gxh5 13.Qxh5 f5 14.Rd1 d5 15.cxd5 cxd5
16.Nxd5 Nxd5 17.exd5 Rb8 18.Nf3 f4 19.Ng5 Bf5 20.Ne6 Bxe6 21.dxe6 Qf6 22.Qg4 Rfe8
23.Bd2 Rxe6 24.Rac1 Kh8 25.Rc7 Rg8 26.Bc3 Rc6 27.Rdd7 Rxc7 28.Rxc7 Qd6 29.Rd7 Qc6
30.Qxg7+  1-0

[Event "Elista ol (Men)"]
[Site "Elista"]
[Date "1998.10.01"]
[Round "3"]
[White "Sakaev, Konstantin"]
[Black "Nevednichy, Vladislav"]
[Result "1-0"]
[WhiteElo "2635"]
[BlackElo "2545"]

1.d4 Nf6 2.c4 g6 3.Nc3 Bg7 4.e4 O-O 5.Nf3 d6 6.Be2 e5 7.O-O Nc6 8.d5 Ne7
9.Nd2 a5 10.a3 Bd7 11.b3 c6 12.Bb2 c5 13.Nb5 Ne8 14.b4 b6 15.bxc5 bxc5 16.f4 exf4
17.Bxg7 Kxg7 18.Rxf4 g5 19.Rf2 Ng6 20.Qb3 Qe7 21.Raf1 Kg8 22.Qg3 Qe5 23.Qxe5 Nxe5
24.h3 a4 25.Kh2 f6 26.Nf3 Nxf3+ 27.gxf3 Kf7 28.f4 gxf4 29.Rxf4 Ke7 30.Rh4 Rf7
31.Rg1 Bxb5 32.cxb5 Kf8 33.Rf4 Rb8 34.Bh5 Rg7 35.Rb1 Ke7 36.b6 Rg5 37.Bd1 f5
38.h4 Rg7 39.exf5 Nf6 40.Bxa4 Nxd5 41.f6+  1-0

[Event "Elista ol (Men)"]
[Site "Elista"]
[Date "1998.10.01"]
[Round "3"]
[White "Babula, Vlastimil"]
[Black "Inarkiev, Ernesto"]
[Result "1/2-1/2"]
[WhiteElo "2575"]
[BlackElo "2300"]

1.d4 Nf6 2.c4 g6 3.Nc3 Bg7 4.e4 O-O 5.Nf3 d6 6.Be2 e5 7.O-O Nc6 8.d5 Ne7
9.b4 a5 10.Ba3 axb4 11.Bxb4 Nd7 12.a4 Bh6 13.a5 f5 14.Nd2 Nf6 15.c5 Bxd2
16.Qxd2 fxe4 17.Nb5 Nf5 18.cxd6 Nxd6 19.Rac1 Rf7 20.Rfd1 Bg4 21.Nc3 Qd7 22.h3 Bxe2
23.Qxe2 Qf5 24.Rd2 Qf4 25.Bxd6 cxd6 26.Ra1 Rc7 27.Nb5 Rd7 28.Nc3 Rc7 29.Nb5 Rd7
30.Nc3  1/2-1/2

[Event "Elista ol (Men)"]
[Site "Elista"]
[Date "1998.10.02"]
[Round "4"]
[White "Dorfman, Josif D"]
[Black "Iuldachev, Saidali"]
[Result "1-0"]
[WhiteElo "2585"]
[BlackElo "2505"]

1.Nf3 Nf6 2.c4 g6 3.Nc3 Bg7 4.e4 d6 5.d4 O-O 6.Be2 e5 7.O-O Nc6 8.d5 Ne7
9.b4 Ne8 10.c5 f5 11.Nd2 fxe4 12.Ndxe4 Nf5 13.Bg5 Nf6 14.Rc1 h6 15.Bxf6 Bxf6
16.cxd6 cxd6 17.Nb5 a6 18.Nc7 Rb8 19.Bg4 Qe7 20.b5 Bg7 21.Rc3 Rf7 22.Re1 Bf8
23.a3 axb5 24.Nxb5 Qd8 25.Qb1 Ra8 26.Rec1 Bd7 27.Nc7 Ra4 28.Ne6 Qa5 29.Bxf5 gxf5
30.Nxf8 Rxf8 31.Nxd6 Qxd5 32.Nc4 Qe6 33.Qxb7 f4 34.Nb6 Rd4 35.Nxd7 Rxd7 36.Qe4 Rd4
37.Qc2 e4 38.Rc6 Qg4 39.h3 Qg7 40.Rc7  1-0

[Event "Elista ol (Men)"]
[Site "Elista"]
[Date "1998.10.02"]
[Round "4"]
[White "Daly, Colin"]
[Black "Sousa, Armindo"]
[Result "1/2-1/2"]
[WhiteElo "2295"]
[BlackElo "2220"]

1.d4 Nf6 2.Nf3 g6 3.c4 Bg7 4.Nc3 O-O 5.e4 d6 6.Be2 e5 7.O-O Nc6 8.d5 Ne7
9.Bg5 h6 10.Bxf6 Bxf6 11.b4 Bg7 12.c5 f5 13.Nd2 fxe4 14.Ndxe4 Nf5 15.a4 Nd4
16.cxd6 cxd6 17.Nb5 Nxb5 18.Bxb5 Bf5 19.Bd3 Qb6 20.Rb1 Qd4 21.Qe2 Rac8 22.Rfd1 Qb6
23.a5 Qd8 24.Rdc1 Qe7 25.a6 bxa6 26.Bxa6 Rxc1+ 27.Rxc1 Bxe4 28.Qxe4 Qf6 29.Rc2 Kh7
30.Bd3 Rf7 31.h4 h5 32.g3 Bf8 33.Kg2 Be7 34.Qe2 Kg7 35.Be4 Bd8 36.Rc6 Bb6
37.f3 Rd7 38.Qa6 Qe7 39.Qd3 Qf6 40.Qc2 g5 41.Kh3 gxh4 42.gxh4 Bd8 43.Qf2 Kf8
44.Ra6 Rg7 45.Rxa7 Rg4 46.Ra8 Rxh4+ 47.Kg2 Qg5+ 48.Kf1 Qc1+ 49.Ke2 Rh2 50.Qxh2 Qb2+
51.Kd3 Qxh2 52.Rxd8+ Ke7 53.Rh8 h4 54.Rh7+ Kd8 55.b5 Qb2 56.Kc4 h3 57.Rxh3 Kc7
58.Rh7+ Kb6 59.Kd3 Qxb5+ 60.Ke3 Qa5 61.Kf2 Kc5 62.Kg3 Qd8 63.Kg4 Qg8+ 64.Kh5 Kd4
65.Kh6 Qg3 66.Rg7 Qh4+ 67.Kg6 Qd8 68.Kf7 Kc5 69.Rg8 Qd7+ 70.Kf6 Qh3 71.Ke7 Qh4+
72.Kd7 Qh3+ 73.Kc7 Qh4 74.Rg7 Qe1 75.Rg2 Qa5+ 76.Kd7 Qa4+ 77.Ke7 Qa7+ 78.Ke6 Qb8
79.Rc2+ Kd4 80.Kd7 Qf8 81.Rc6 Qf7+ 82.Kxd6 Qf6+ 83.Kd7 Qf7+ 84.Kc8 Qe8+ 85.Kb7 Qd7+
86.Ka6 Qd8 87.d6 Qa8+ 88.Kb5 Qb7+ 89.Rb6 Qd7+ 90.Kb4 Qd8 91.Rc6 Qb8+ 92.Ka3 Qa7+
93.Kb3 Qb7+ 94.Kc2 Qa7 95.Kd2 Qa2+ 96.Rc2 Qa3 97.Ke2 Qe3+ 98.Kf1 Qh6 99.Kg1 Ke3
100.Rh2 Qxd6 101.Kg2 Qd2+ 102.Kh3 Qe1 103.Kg2 Kf4 104.Rh7 Qg3+ 105.Kh1 Qg8
106.Rh4+ Kg3 107.Rh2 Qc4 108.Rg2+ Kf4 109.Rg4+ Ke3 110.Kg2 Qc1 111.Rg5 Ke2
112.Rf5 Qf1+ 113.Kg3 Qg1+ 114.Kh4 Qh2+ 115.Kg5 Ke3 116.Kf6 Kd4 117.Ke6 Qh8
118.Rf7 Qe8+ 119.Re7 Qg8+ 120.Kd6 Qb8+ 121.Kd7 Qa7+ 122.Ke6 Qa6+ 123.Kf7 Qb6
124.Rd7+ Ke3 125.Re7 Kd4 126.Re6 Qc7+ 127.Kg6 Qd8 128.Kf7  1/2-1/2

[Event "Elista ol (Men)"]
[Site "Elista"]
[Date "1998.10.03"]
[Round "5"]
[White "O'Connell, Gerard"]
[Black "Alarcon, Cesar"]
[Result "1-0"]
[WhiteElo "2180"]
[BlackElo "2135"]

1.d4 Nf6 2.c4 g6 3.Nc3 Bg7 4.e4 d6 5.Nf3 O-O 6.Be2 e5 7.O-O Nc6 8.d5 Ne7
9.b4 Nh5 10.Re1 Nf4 11.Bf1 a5 12.bxa5 Rxa5 13.a4 c5 14.Ra3 Ra6 15.Nb5 Bd7
16.Bxf4 exf4 17.e5 dxe5 18.Nxe5 Bxb5 19.cxb5 Rd6 20.Nc4 Rxd5 21.Qf3 Nf5 22.Qxf4 Nd4
23.Rh3 Re8 24.Rxe8+ Qxe8 25.Re3 Ne6 26.Qe4 Qd8 27.a5 Bd4 28.Re2 Rf5 29.a6 bxa6
30.bxa6 Qb8 31.g3 Nc7 32.Qb7 Nxa6 33.Qxa6 Qb3 34.Ne3 Rf6 35.Qa2 Qb8 36.Ng4 Rf3
37.Bg2 Rb3 38.Bd5 Rb1+ 39.Kg2 Ra1 40.Bxf7+ Kg7 41.Qb3 Qf8 42.Qb7  1-0

[Event "Elista ol (Men)"]
[Site "Elista"]
[Date "1998.10.05"]
[Round "7"]
[White "Miladinovic, Igor"]
[Black "Istratescu, Andrei"]
[Result "0-1"]
[WhiteElo "2555"]
[BlackElo "2540"]

1.d4 g6 2.c4 Bg7 3.Nc3 Nf6 4.e4 O-O 5.Nf3 d6 6.Be2 e5 7.O-O Nc6 8.d5 Ne7
9.Ne1 Nd7 10.f3 f5 11.g4 Kh8 12.Ng2 a5 13.Be3 Nc5 14.h3 b6 15.b3 Bd7 16.Qc2 Ng8
17.Rad1 f4 18.Bf2 h5 19.Nb5 Bf6 20.a3 Bxb5 21.cxb5 a4 22.b4 Nb3 23.Bc4 Rf7
24.Bxb3 axb3 25.Qxb3 Rh7 26.a4 Nh6 27.Be1 Nf7 28.Kf2 hxg4 29.fxg4 Kg7 30.Rd3 Qd7
31.Ke2 Ng5 32.Bh4 Nxe4 33.Kf3 Bxh4 34.Kxe4 Bg3 35.Rxg3 fxg3 36.Qxg3 Rxa4
37.Qc3 Rxh3 38.Qxh3 Rxb4+ 39.Kf3 Qf7+  0-1

[Event "Elista ol (Men)"]
[Site "Elista"]
[Date "1998.10.06"]
[Round "8"]
[White "Savchenko, Stanislav"]
[Black "Hebden, Mark"]
[Result "0-1"]
[WhiteElo "2555"]
[BlackElo "2590"]

1.Nf3 Nf6 2.c4 g6 3.Nc3 Bg7 4.e4 d6 5.d4 O-O 6.Be2 e5 7.O-O Nc6 8.d5 Ne7
9.b4 Kh8 10.c5 Neg8 11.a4 Nh5 12.Nd2 Nf4 13.Nc4 f5 14.cxd6 cxd6 15.Nb5 fxe4
16.Nbxd6 Nf6 17.Bb2 N6xd5 18.Nxe4 Bf5 19.Bf3 Qh4 20.Ncd6 Rad8 21.Qb3 Qe7
22.Rad1 Be6 23.b5 g5 24.g3 g4 25.Bg2 Ne2+ 26.Kh1 Ndc3 27.Qa3 Nxd1 28.Rxd1 Nd4
29.Bc1 h6 30.Bd2 Bd5 31.Ba5 b6 32.Bb4 Nc2 33.Rxd5 Nxa3 34.Bxa3 Qe6 35.Rd3 Qa2
36.Bc1  0-1